000
00319nam a22001217a 4500
040
_c
SY
082
_a
333
100
_a
គា គឹមអេង
245
_a
បច្ចេកទេសក្រោយប្រមូលផលផលិតផលជនបទ
260
_a
RUA
_b
គា
_c
2011
300
_a
68
942
_c
KB
999
_c
9682
_d
9682